| 000 | 01050nam a2200277Ia 4500 | ||
|---|---|---|---|
| 003 | OSt | ||
| 005 | 20221005111935.0 | ||
| 006 | a|||||r|||| 00| 0 | ||
| 007 | ta | ||
| 008 | 221004b |||||||| |||| 00| 0 san d | ||
| 020 |
_a9789386554949 (hbk) _cINR 325.00 |
||
| 024 | _a68228 | ||
| 037 |
_b288, 22/01/2020, Eastern Book Linkers _cTextual |
||
| 040 |
_aCRL _cCRL _bsan |
||
| 041 |
_2san _asan |
||
| 082 | _aR66x2,1, 152Q9 | ||
| 100 | _aमिश्र, मण्डन, ले. | ||
| 245 | 0 | _aविभ्रमविवेक | |
| 246 | _aVibhramaviveka: | ||
| 260 |
_aवाराणसी _bचौखम्बा सुरभारती प्रकाशन भारत _c2019 |
||
| 300 |
_a134पृ0 _ccm. |
||
| 490 | _aचौखम्बा सुरभारती ग्रन्थमाला; 649 | ||
| 650 | _aदर्शनशास्त्र | ||
| 942 |
_hR66x2,1, 152Q9 _cTEXL _2cc |
||
| 999 |
_c1023363 _d1023363 |
||